ნორმალური ფორმატი
MARC ფორმატი
ჩანაწერი Corporate Name
ჩანაწერთა რაოდენობა, რომელიც გამოყენებულია: 1
001 - CONTROL NUMBER
- control field: 2254
003 - CONTROL NUMBER IDENTIFIER
- control field: GE_BSU
005 - DATE AND TIME OF LATEST TRANSACTION
- control field: 20190606182551.0
008 - FIXED-LENGTH DATA ELEMENTS
- fixed length control field: 190606|| aca||aabn | a|a d
040 ## - CATALOGING SOURCE
- Original cataloging agency: GE_BSU
- Transcribing agency: GE_BSU
110 ## - HEADING--CORPORATE NAME
- Corporate name or jurisdiction name as entry element: ბათუმის სახელმწ. უნ-ტი
670 ## - SOURCE DATA FOUND
- Source citation: Work cat.: (GE_BSU)36807: ქიქავა, თეიმურაზ 2252, გრუნტების მექანიკა და ფუძე–სარძიკველი :
